| 000 | 00490cam a22001931 4500 | ||
|---|---|---|---|
| 005 | 20260322212040.0 | ||
| 008 | data | ||
| 010 | _a 64013468 | ||
| 040 |
_aDLC _cDLC _dDLC |
||
| 050 | 0 | 0 |
_aTK140.E3 _bB4 |
| 082 | 0 | 0 |
_aB _aB |
| 100 | 1 | _aBeasley, Rex. | |
| 245 | 1 | 0 |
_aEdison. _cRex Beasley. |
| 250 | _a[1st ed.] | ||
| 260 |
_aPhiladelphia, _bChilton Books _c[c1964] |
||
| 300 |
_a176 p. _billus., ports., facsims. _c25 cm. |
||
| 600 | 1 | 0 |
_aEdison, Thomas A. _q(Thomas Alva), _d1847-1931. |
| 001 | data | ||
| 999 |
_c944 _d944 |
||